000
00452nam a2200169Ia 4500
008
090711s9999 xx 000 0 und d
082
_b
76548
100
_a
ओक जनार्दन
245
_a
इंद्राणी
260
_c
1995
300
_a
176
600
_a
ओक जनार्दन
630
_a
इंद्राणी
700
_a
ओक जनार्दन
730
_a
इंद्राणी
942
_c
BOOK
999
_c
299221
_d
299221